[Event "QA-ANNIV-04"]
[Site "http://www.queenalice.com/game.php?id=578096"]
[Date "2009.4.26"]
[Round "5"]
[White "prrrr"]
[Black "Matrick"]
[Result "1-0"]
[WhiteElo "2113"]
[BlackElo "2351"]

1. e4 e6 2. d4 d5 3. Nc3 Bb4 4. e5 c5 5. a3 Bxc3+ 6. bxc3 Ne7 7. Qg4 O-O 8. Bd3
Nbc6 9. Qh5 Nf5 10. Nf3 f6 11. g4 g6 12. Qh3 Ng7 13. Qh6 Ne8 14. h4 fxe5 15. Ng5
Qe7 16. h5 c4 17. hxg6 cxd3 18. Nxh7 1-0

[Event "QA-ANNIV-04"]
[Site "http://www.queenalice.com/game.php?id=644237"]
[Date "2009.8.29"]
[Round "6"]
[White "cunha"]
[Black "prrrr"]
[Result "0-1"]
[WhiteElo "2668"]
[BlackElo "2132"]

1. e4 c5 2. Nf3 Nc6 3. d4 cxd4 4. Nxd4 Nf6 5. Nc3 e5 6. Ndb5 d6 7. Bg5 a6 8.
Bxf6 gxf6 9. Na3 f5 10. Nc4 fxe4 11. Nxe4 Nd4 12. Ne3 Be6 13. c3 d5 14. Qh5 dxe4
15. Qxe5 Rg8 16. O-O-O Bg7 17. Qxe4 Qa5 18. Qxb7 Rc8 19. Bc4 Rxc4 20. Nxc4 Ne2+
21. Kc2 Qa4+ 22. Qb3 Qxc4 23. Qxc4 Bxc4 24. Rhe1 Bf6 25. b3 Be6 26. Rxe2 Rxg2
27. Rd6 Rxh2 28. Rxa6 h5 29. a4 h4 30. a5 Rh1 31. f4 Kf8 32. Kd3 h3 33. Raxe6
fxe6 34. a6 Kf7 35. a7 Ra1 36. Rh2 Rxa7 37. Rxh3 Rb7 38. b4 Kg6 39. Kc4 Kf5 40.
Re3 Re7 41. b5 Kxf4 42. Re1 e5 43. Rf1+ Kg5 44. Kd3 e4+ 45. Ke3 Bxc3 46. b6 Bb4
47. Rb1 Bd6 48. b7 Bf4+ 49. Ke2 Re8 50. Rb5+ Kf6 51. Rb4 Kf5 52. Rb5+ Ke6 53.
Ra5 Rh8 54. Rb5 Rh2+ 55. Kd1 Bb8 56. Kc1 Kd6 57. Kd1 Kc6 58. Rb3 Kd5 59. Ke1 Kc4
0-1

[Event "QA-ANNIV-04"]
[Site "http://www.queenalice.com/game.php?id=695086"]
[Date "2009.12.9"]
[Round "7"]
[White "prrrr"]
[Black "mbake5"]
[Result "1/2-1/2"]
[WhiteElo "2155"]
[BlackElo "2770"]

1. d4 Nf6 2. c4 e6 3. Nc3 Bb4 4. e3 O-O 5. Bd3 d5 6. Nf3 c5 7. O-O Nc6 8. a3
Bxc3 9. bxc3 Qc7 10. h3 dxc4 11. Bxc4 b6 12. Bd3 Bb7 13. e4 Rfd8 14. Bb2 Rac8
15. Re1 Na5 16. Qe2 Nh5 17. g3 Nf6 18. Rab1 h6 19. Nd2 Ne8 20. Kg2 Nd6 21. f3
Qd7 22. Rbd1 cxd4 23. cxd4 Bc6 24. Rc1 Bb5 25. Rxc8 Rxc8 26. Rc1 Rxc1 27. Bxc1
Bxd3 28. Qxd3 Qa4 29. d5 exd5 30. Qxd5 Nac4 31. Nxc4 Nxc4 32. Qd3 Ne5 33. Qd8+
Kh7 34. Bf4 Qc2+ 35. Qd2 Qxd2+ 36. Bxd2 Nc4 37. Bc1 b5 38. Kf2 a5 39. Ke2 b4 40.
axb4 axb4 41. Bf4 b3 42. Kd3 Kg6 43. Kc3 b2 44. Kc2 Kf6 1/2-1/2

[Event "Challenge"]
[Site "http://www.queenalice.com/game.php?id=741386"]
[Date "2010.3.5"]
[Round "-"]
[White "prrrr"]
[Black "Pato"]
[Result "1-0"]
[WhiteElo "2166"]
[BlackElo "2133"]

1. b3 a5 2. e4 a4 3. Ba3 d5 4. exd5 Qxd5 5. Nc3 Qe5+ 6. Be2 axb3 7. axb3 Nc6 8.
Nf3 Qe6 9. d4 Qd7 10. Bb5 e6 11. Ne5 Bxa3 12. Nxd7 Bxd7 13. d5 1-0

[Event "Challenge"]
[Site "http://www.queenalice.com/game.php?id=741387"]
[Date "2010.3.5"]
[Round "-"]
[White "Pato"]
[Black "prrrr"]
[Result "0-1"]
[WhiteElo "2122"]
[BlackElo "2177"]

1. e4 e5 2. d4 exd4 3. c3 dxc3 4. Bc4 cxb2 5. Bxb2 Bb4+ 6. Nc3 Nf6 7. Bxf7+ Kxf7
8. Qb3+ d5 9. Qxb4 Nc6 10. Qa4 Nxe4 11. Nxe4 Re8 12. O-O-O Rxe4 0-1

[Event "QA-ANNIV-04"]
[Site "http://www.queenalice.com/game.php?id=762162"]
[Date "2010.4.16"]
[Round "8"]
[White "ubersoldat1952"]
[Black "prrrr"]
[Result "0-1"]
[WhiteElo "2477"]
[BlackElo "2186"]

1. c4 c5 2. g3 g6 3. Nf3 Bg7 4. Nc3 Nc6 5. Bg2 Nh6 6. h4 d6 7. d3 Bg4 8. Ng5 f6
9. Nge4 Nf7 10. Nd5 O-O 11. Bd2 Rb8 12. Ne3 Bd7 13. h5 f5 14. hxg6 hxg6 15. Nc3
e6 16. Rb1 a6 17. f4 b5 18. b3 Nd4 19. Qc1 Re8 20. Rh2 Qc7 21. Kf2 d5 22. cxd5
e5 23. Nc2 exf4 24. Bxf4 Qa5 25. Bxb8 Qxc3 26. Ne3 Qa5 27. b4 Qxa2 28. Rb2 Qa3
29. Rb1 Qxc1 30. Rxc1 Nb3 31. Rb1 Bd4 32. Bf4 g5 33. Rh3 gxf4 34. gxf4 c4 35. d6
Nh6 36. Rxh6 Bxe3+ 37. Kg3 Nc1 38. Bd5+ Kg7 0-1

[Event "Let's Play Chess!"]
[Site "http://www.queenalice.com/game.php?id=862136"]
[Date "2010.11.22"]
[Round "-"]
[White "ylisavbots"]
[Black "prrrr"]
[Result "0-1"]
[WhiteElo "2251"]
[BlackElo "2251"]

1. f4 d5 2. e3 g6 3. Nf3 Bg7 4. Be2 c5 5. O-O Nf6 6. d4 O-O 7. c3 Nc6 8. b3 Qb6
9. Ne5 Ne4 10. Bb2 cxd4 11. cxd4 Nxe5 12. fxe5 Bh6 13. Bc1 Bf5 14. g4 Bd7 15.
Bd3 Rac8 16. Bxe4 dxe4 17. Na3 Qa6 18. Kg2 f6 19. Bb2 Bxe3 20. Nc4 Bg5 21. d5 b5
22. Nd2 Bxg4 0-1

[Event "Let's Play Chess!"]
[Site "http://www.queenalice.com/game.php?id=862138"]
[Date "2010.11.22"]
[Round "-"]
[White "ylisavbots"]
[Black "prrrr"]
[Result "0-1"]
[WhiteElo "2227"]
[BlackElo "2263"]

1. e4 c5 2. Nf3 Nc6 3. d3 Nf6 4. Nbd2 d5 5. g3 e5 6. exd5 Nxd5 7. Bg2 Be7 8. O-O
Bg4 9. h3 Be6 10. Re1 f6 11. a3 Qd7 12. Kh2 O-O-O 13. Nc4 g5 14. Ng1 h5 15. Bd2
Rdf8 16. Ne3 Nxe3 17. fxe3 f5 18. Bc3 h4 19. gxh4 g4 20. Rf1 Bxh4 21. Qe2 Rfg8
22. Kh1 gxh3 23. Bxc6 Qxc6+ 24. e4 fxe4 25. dxe4 Rg4 0-1

[Event "Let's Play Chess!"]
[Site "http://www.queenalice.com/game.php?id=862146"]
[Date "2010.11.22"]
[Round "-"]
[White "prrrr"]
[Black "ylisavbots"]
[Result "1-0"]
[WhiteElo "2238"]
[BlackElo "2277"]

1. d4 Nf6 2. c4 g6 3. Nc3 Bg7 4. e4 d6 5. Nf3 O-O 6. Be2 c5 7. d5 Nbd7 8. O-O
Rb8 9. h3 a6 10. a4 Ne5 11. Nxe5 dxe5 12. a5 Bd7 13. Be3 Rc8 14. Qb1 Ne8 15. b4
cxb4 16. Qxb4 Nd6 17. c5 Nb5 18. Nxb5 axb5 19. Bxb5 f5 20. Bc4 Qc7 21. d6+ 1-0

[Event "Let's Play Chess!"]
[Site "http://www.queenalice.com/game.php?id=862147"]
[Date "2010.11.22"]
[Round "-"]
[White "prrrr"]
[Black "ylisavbots"]
[Result "1-0"]
[WhiteElo "2222"]
[BlackElo "2349"]

1. e4 e5 2. Nf3 Nf6 3. Nxe5 d6 4. Nf3 Be7 5. Nc3 O-O 6. d4 Bg4 7. Be2 d5 8. exd5
Nxd5 9. Nxd5 Qxd5 10. h3 Bf5 11. O-O Bf6 12. Bf4 c6 13. Re1 Nd7 14. Qd2 Nb6 15.
b3 Qd7 16. Ne5 Bxe5 17. Bxe5 1-0

[Event "AUTO-ELITE-675"]
[Site "http://www.queenalice.com/game.php?id=868427"]
[Date "2010.12.6"]
[Round "1"]
[White "prrrr"]
[Black "GEORGESILVA"]
[Result "1-0"]
[WhiteElo "2274"]
[BlackElo "2229"]

1. d4 f5 2. g3 Nf6 3. Bg2 e6 4. c4 d5 5. Nf3 Be7 6. Nc3 O-O 7. O-O c6 8. a3 Ne4
9. Qc2 Nd7 10. Be3 Ndf6 11. Nxe4 fxe4 12. Ne5 Bd6 13. f3 exf3 14. exf3 Bd7 15.
c5 Bc7 16. Bg5 Be8 17. Bh3 Bf7 18. Nxf7 Kxf7 19. Rae1 Re8 20. f4 h6 21. Re2 hxg5
22. fxg5 e5 23. Qh7 1-0

[Event "AUTO-ELITE-675"]
[Site "http://www.queenalice.com/game.php?id=868428"]
[Date "2010.12.6"]
[Round "1"]
[White "GEORGESILVA"]
[Black "prrrr"]
[Result "0-1"]
[WhiteElo "2219"]
[BlackElo "2312"]

1. e4 c5 2. Nf3 Nc6 3. d4 cxd4 4. Nxd4 Nf6 5. Nc3 e5 6. Nb3 Bb4 7. Bd3 d5 8.
exd5 Nxd5 9. Bd2 Nxc3 10. bxc3 Bd6 11. O-O O-O 12. f4 Re8 13. fxe5 Nxe5 14. Qh5
g6 15. Qg5 Be6 16. Nd4 Qxg5 17. Bxg5 Bd5 18. a4 a6 19. a5 Rac8 20. Bd2 Nc4 21.
Bxc4 Rxc4 22. Rfe1 Rxe1+ 23. Rxe1 f6 24. Ne6 Be5 25. Nd4 Ra4 26. Kf2 Rxa5 27.
Nf3 Bxf3 28. Kxf3 Rc5 29. g3 Bxc3 30. Re2 Be5 31. Bb4 Rc4 32. Ba5 Kf7 33. Ke3
Ra4 34. Bb6 Ra3+ 35. Kf2 a5 36. c4 a4 37. Rc2 Rb3 38. Bc5 b6 39. Bxb6 a3 0-1

[Event "AUTO-ELITE-675"]
[Site "http://www.queenalice.com/game.php?id=868429"]
[Date "2010.12.6"]
[Round "1"]
[White "prrrr"]
[Black "GMNeny"]
[Result "1-0"]
[WhiteElo "2324"]
[BlackElo "2489"]

1. e4 c5 2. Nf3 d6 3. d4 cxd4 4. Nxd4 Nf6 5. Nc3 a6 6. Be3 e5 7. Nb3 Be7 8. f3
Be6 9. Qd2 b6 10. O-O-O h5 11. Kb1 Nbd7 12. Nc1 Nc5 13. a3 O-O 14. h3 h4 15.
N1a2 b5 16. Rg1 Qc7 17. g4 Na4 18. g5 Nh5 19. Bd3 Ng3 20. Bf2 Rab8 21. Nd5 Bxd5
22. exd5 a5 23. Bxg3 hxg3 24. Rxg3 Rb7 25. c3 Nb6 26. Qe2 Nc4 27. h4 Rfb8 28. h5
Qc5 29. Ka1 Kf8 30. Rh1 Ne3 31. h6 g6 32. h7 Kg7 33. h8=Q+ Rxh8 34. Rxh8 Kxh8
35. Qh2+ 1-0

[Event "Let's Play Chess!"]
[Site "http://www.queenalice.com/game.php?id=875282"]
[Date "2010.12.24"]
[Round "-"]
[White "Giant"]
[Black "prrrr"]
[Result "0-1"]
[WhiteElo "2344"]
[BlackElo "2285"]

1. e4 c5 2. Nf3 d6 3. d4 cxd4 4. Nxd4 Nf6 5. Nc3 a6 6. Be2 e5 7. Nf3 Be7 8. Bg5
Nbd7 9. O-O O-O 10. Qd2 h6 11. Bh4 Qc7 12. Rfd1 b5 13. a3 Bb7 14. Bxf6 Nxf6 15.
Bd3 Rfe8 16. Qe2 Bf8 17. Rd2 d5 18. exd5 e4 19. Nxe4 Rxe4 20. Bxe4 Re8 21. Rd4
Bc5 22. Rad1 Bxd4 23. Rxd4 Bxd5 0-1

[Event "Let's Play Chess!"]
[Site "http://www.queenalice.com/game.php?id=875284"]
[Date "2010.12.24"]
[Round "-"]
[White "Giant"]
[Black "prrrr"]
[Result "0-1"]
[WhiteElo "2330"]
[BlackElo "2299"]

1. Nf3 d5 2. b3 c5 3. Bb2 Nf6 4. d4 cxd4 5. Bxd4 Nc6 6. Bb2 Qc7 7. e3 e5 8. a3
Be6 9. Be2 Rd8 10. O-O Bd6 11. Ng5 Bc8 12. Nc3 a6 13. Bh5 g6 14. Bf3 e4 15. g3
exf3 16. Nxd5 Nxd5 17. Bxh8 Be5 18. Bxe5 Nxe5 19. Qd4 Nc3 20. Qh4 Qe7 21. Kh1
Rd2 22. b4 f6 23. Nxh7 Ng4 24. h3 Nxf2+ 25. Rxf2 Rxf2 0-1

[Event "AUTO-ELITE-738"]
[Site "http://www.queenalice.com/game.php?id=917741"]
[Date "2011.3.26"]
[Round "1"]
[White "PunditJi"]
[Black "prrrr"]
[Result "0-1"]
[WhiteElo "2561"]
[BlackElo "2360"]

1. e4 e5 2. Nf3 Nc6 3. Bb5 a6 4. Ba4 Nf6 5. O-O Be7 6. Nc3 b5 7. Bb3 O-O 8. d3
d6 9. Nd5 Na5 10. Nxe7+ Qxe7 11. Qe2 c5 12. Bg5 Nxb3 13. axb3 h6 14. Bd2 Nd7 15.
b4 Nb8 16. bxc5 dxc5 17. h3 Nc6 18. Ba5 Bb7 19. Rfd1 f5 20. Be1 Rae8 21. Bd2 Rf6
22. c3 f4 23. Be1 Bc8 24. Kh1 Rd6 25. b4 cxb4 26. cxb4 g5 27. Qa2+ Kh7 28. Nh2
g4 29. hxg4 h5 30. g5 Rg8 31. Bc3 Qxg5 32. Rg1 Rxd3 33. Rac1 h4 34. Ba1 Rg7 35.
Qe2 Rd6 36. Qf3 Be6 37. Qc3 Nd4 38. Qe1 Nb3 39. Rb1 Rd3 40. Qe2 Bc4 41. Qb2 Nd4
42. f3 Re3 43. Qf2 Qg3 44. Qxg3 hxg3 45. Rgd1 gxh2 46. Rd2 Nxf3 47. gxf3 Rg1+
0-1

[Event "AUTO-ELITE-738"]
[Site "http://www.queenalice.com/game.php?id=917742"]
[Date "2011.3.26"]
[Round "1"]
[White "prrrr"]
[Black "PunditJi"]
[Result "1-0"]
[WhiteElo "2341"]
[BlackElo "2571"]

1. e4 c5 2. Nf3 Nc6 3. d4 cxd4 4. Nxd4 e5 5. Nb5 d6 6. N1c3 a6 7. Na3 Nf6 8. Bg5
Be6 9. Nc4 Rb8 10. Nd5 Bxd5 11. exd5 Ne7 12. Bxf6 gxf6 13. a4 f5 14. a5 Bg7 15.
g4 O-O 16. Rg1 Re8 17. gxf5 Nxf5 18. Qg4 Qf6 19. O-O-O e4 20. c3 Rbd8 21. Kb1
Nh4 22. Ne3 Ng6 23. Nf5 Re5 24. Bh3 Kh8 25. Rge1 Rde8 26. Rd4 Rxf5 27. Qxf5 Qxf5
28. Bxf5 Bxd4 29. cxd4 Kg7 30. Re3 Re7 31. Bc8 Nh4 32. Rb3 Rc7 33. Bxb7 Nf3 34.
Rb6 Rc4 35. b4 Rxd4 36. Bxa6 h5 37. Kc2 h4 38. Kc3 h3 39. Be2 Rd2 40. Bxf3 Rd3+
41. Kc4 Rxf3 42. a6 Rxf2 43. Rb8 Ra2 44. b5 Ra4+ 45. Kc3 Ra3+ 46. Kd4 Ra4+ 47.
Ke3 Kf6 48. Kf4 1-0